000 00980nam a22002537a 4500
005 20170124103042.0
010 _aB-154564
020 _c100.00
035 _aB-154564
037 _bCen Lib/Ret
040 _aDPL
_bHN
082 _a
_bअग्रवा
100 _aअग्रवाल, सरला
_967433
245 _aलौटती खुशियाँ /
_cसरला अग्रवाल
246 _aLautati khushiyan /
_bby Sarala Aggarwal
260 _aदिल्ली
_bड्रीम बुक सर्विस
_c2005
270 _bदिल्ली
_a13, प्रथम तल , शंकर विहार
_e110092
300 _a112पृ. :
_c21सेमी (सजिल्द)
_bसचित्र
650 _aहिन्दी साहित्य
_967434
650 _aकहानियां
_967435
650 _aHindi literature
_967436
650 _aStories
_97500
942 _2ddc
_cHN
_h
_mअग्रवा
999 _c116620
_d116620